|
|
|
|
| LEADER |
02521cam a2200541 i 4500 |
| 001 |
nkc20203257391 |
| 003 |
CZ PrNK |
| 005 |
20201126090051.0 |
| 007 |
ta |
| 008 |
201006s2020 xr a e f 000 0 cze d |
| 015 |
|
|
|a cnb003257391
|
| 020 |
|
|
|a 978-80-249-4280-3
|q (vázáno) :
|c Kč 199,00
|
| 035 |
|
|
|a (OCoLC)1226360414
|
| 040 |
|
|
|a OSA001
|b cze
|d ABG001
|d ABA001
|e rda
|
| 041 |
1 |
|
|a cze
|h eng
|
| 072 |
|
7 |
|a 79
|x Rekreace. Volný čas. Zábava. Hry. Sport
|2 Konspekt
|9 20
|
| 080 |
|
|
|a 79
|2 MRF
|
| 080 |
|
|
|a (035)
|2 MRF
|
| 100 |
1 |
|
|a Orr, Ruby Ashby
|7 xx0252487
|4 aut
|
| 240 |
1 |
0 |
|a 101 things to do when the WiFi is down.
|l Česky
|
| 245 |
1 |
0 |
|a Sto a jedna věc co dělat, když wifi nefunguje /
|c Ruby Ashby-Orr ; ilustrace Kenny Pittock ; z anglického originálu 101 things to do when the WiFi is down přeložila Kateřina Nejedlá
|
| 246 |
3 |
|
|a 100 a 1 věc co dělat, když wifi nefunguje
|
| 250 |
|
|
|a Vydání první
|
| 264 |
|
1 |
|a Praha :
|b Ikar,
|c 2020
|
| 300 |
|
|
|a 142 nečíslovaných stran :
|b ilustrace ;
|c 17 cm
|
| 336 |
|
|
|a text
|b txt
|2 rdacontent
|
| 336 |
|
|
|a statický obraz
|b sti
|2 rdacontent
|
| 337 |
|
|
|a bez média
|b n
|2 rdamedia
|
| 338 |
|
|
|a svazek
|b nc
|2 rdacarrier
|
| 490 |
1 |
|
|a Esence
|
| 500 |
|
|
|a Obálkový podnázev: rodinná příručka přežití
|
| 520 |
2 |
|
|a Knížka vtipných návodů, jak se zabavit bez internetu.
|b Nefungující wifi? Strašlivá představa! Co budeme dělat bez připojení? Možná zbývá jen plakat a plakat... Nepanikařte, s touto knížkou to zvládnete. Vtipná, ilustrovaná a plně analogová příručka vás zabaví, dokud se k vám signál zas nevrátí. Co třeba postavit si bunkr z krabic, komunikovat s lidmi kolem jen pomocí zvuků, nebo vymyslet kompletní menu jen z toho, co je v lednici? Uvidíte, že možnosti jsou neomezené, i když data omezená jsou. Nakladatelská anotace.
|
| 650 |
0 |
7 |
|a zábava
|7 ph138989
|2 czenas
|
| 650 |
0 |
7 |
|a volný čas
|7 ph127235
|2 czenas
|
| 650 |
0 |
9 |
|a entertainment
|2 eczenas
|
| 650 |
0 |
9 |
|a leisure
|2 eczenas
|
| 655 |
|
7 |
|a příručky
|7 fd133209
|2 czenas
|
| 655 |
|
9 |
|a handbooks and manuals
|2 eczenas
|
| 700 |
1 |
|
|a Pittock, Kenny,
|d 1988-
|7 xx0252488
|4 ill
|
| 700 |
1 |
|
|a Nejedlá, Kateřina
|7 xx0111615
|4 trl
|
| 830 |
|
0 |
|a Esence
|0 s
|
| 910 |
2 |
|
|a BOA001
|b 1-1451.720
|
| 920 |
|
|
|a 4558941
|z ABG001
|
| 928 |
9 |
|
|a Euromedia Group - Ikar
|
| 990 |
|
|
|a BK
|
| 995 |
|
|
|a 01
|
| 991 |
|
|
|b 202011
|c NOV
|
| 996 |
6 |
|
|b 2610842599
|c 1-1451.720
|l MZK
|r Sklad / do 1 hodiny
|n 0
|p p.v.
|w 001832108
|u 000010
|a 1
|e BOA001
|j MZK50
|s P
|